| 000 | 00600nam a2200205Ia 4500 | ||
|---|---|---|---|
| 005 | 20260601193256.0 | ||
| 008 | 260601s9999||||xx |||||||||||||| ||und|| | ||
| 020 |
_a978-981-97-5752-7 _qebk |
||
| 100 | _aMeng Shen | ||
| 245 | 0 | _aSecurity and Privacy in Web 3.0 | |
| 250 | _a2024 | ||
| 260 |
_aHeidelberg, Germany _bSpringer Nature _c2024 |
||
| 440 | _aDigital Privacy and Security | ||
| 650 | _aComputer Science | ||
| 700 | _aLiehuang Zhu | ||
| 700 | _aWei Wang | ||
| 700 | _aXiangyun Tang | ||
| 856 | _uhttps://link.springer.com/openurl?genre=book&isbn=978-981-97-5752-7 | ||
| 942 |
_cEB _2ddc |
||
| 999 |
_c56881 _d56881 |
||